[Event "Olimpiada de Khanty-Mansiysk 2010"]
[Site "Khanty-Mansiysk RUS"]
[Date "2010.09.25"]
[Round "5"]
[White "Solomon, Stephen J"]
[Black "Sanduleac, Vasile"]
[Result "1/2-1/2"]
[WhiteElo "2396"]
[BlackElo "2446"]
[PlyCount "76"]
[EventDate "2010.09.21"]
[EventType "team"]
[EventRounds "11"]
[EventCountry "RUS"]
[Source "lmi"]
[SourceDate "2010.09.21"]
[WhiteTeam "Australia"]
[BlackTeam "Moldavia"]
[WhiteTeamCountry "AUS"]
[BlackTeamCountry "MDA"]

1. e4 c6 2. d4 d5 3. Nc3 dxe4 4. Nxe4 Bf5 5. Ng3 Bg6 6. Nf3 Nd7 7. h4 h6 8. h5
Bh7 9. Bd3 Bxd3 10. Qxd3 e6 11. Bf4 Qa5+ 12. Bd2 Bb4 13. c3 Be7 14. c4 Qc7 15.
O-O-O Ngf6 16. Kb1 b5 17. c5 O-O 18. Qe2 Rfd8 19. Rh4 Nd5 20. Re4 Bf8 21. Nh4
N7f6 22. Re5 Re8 23. Qf3 a5 24. Nf1 Rad8 25. g4 Nh7 26. Qg3 Be7 27. Ng2 Nb4 28.
Bxb4 axb4 29. Nge3 Rd7 30. f4 Qa7 31. b3 Red8 32. Nc2 Bf6 33. Qe3 Bxe5 34. fxe5
Qa5 35. Kb2 Ng5 36. Ng3 Rd5 37. Rf1 Qc7 38. Ne2 Rf8 1/2-1/2

[Event "Olimpiada de Khanty-Mansiysk 2010"]
[Site "Khanty-Mansiysk RUS"]
[Date "2010.09.25"]
[Round "5"]
[White "Michiels, Bart"]
[Black "Potapov, Pavel"]
[Result "1/2-1/2"]
[WhiteElo "2459"]
[BlackElo "2464"]
[PlyCount "101"]
[EventDate "2010.09.21"]
[EventType "team"]
[EventRounds "11"]
[EventCountry "RUS"]
[Source "lmi"]
[SourceDate "2010.09.21"]
[WhiteTeam "Bélgica"]
[BlackTeam "RU5"]
[WhiteTeamCountry "BEL"]

1. e4 c5 2. Nf3 Nc6 3. d4 cxd4 4. Nxd4 e5 5. Nb5 d6 6. c4 Be7 7. N1c3 a6 8. Na3
f5 9. exf5 Bxf5 10. Bd3 Be6 11. O-O Nf6 12. Nc2 Qd7 13. Ne3 O-O 14. Ned5 Bd8
15. Be3 Rc8 16. Rc1 Kh8 17. b3 Ne7 18. Nxf6 gxf6 19. f4 f5 20. Qh5 Ng6 21. fxe5
Nxe5 22. Rcd1 Rf7 23. Bd4 Bf6 24. Bxf5 Nxc4 25. Bxf6+ Rxf6 26. Bxe6 Rxf1+ 27.
Rxf1 Qxe6 28. bxc4 Qe3+ 29. Kh1 Qxc3 30. Qh6 Qxc4 31. Qf6+ Kg8 32. Qg5+ Kh8 33.
Qf6+ Kg8 34. h3 Qc3 35. Qxd6 Qc6 36. Qe7 Re8 37. Qf7+ Kh8 38. Rf3 Rg8 39. Qf4
Qg6 40. Rf2 Qg3 41. Qd4+ Qg7 42. Qd5 Qa1+ 43. Kh2 Qg7 44. Kh1 Qa1+ 45. Kh2 Qg7
46. Kg1 Re8 47. Rf7 Qa1+ 48. Kh2 Qe5+ 49. Qxe5+ Rxe5 50. Rxb7 Re2 51. a3
1/2-1/2

[Event "Olimpiada de Khanty-Mansiysk 2010"]
[Site "Khanty-Mansiysk RUS"]
[Date "2010.09.25"]
[Round "5"]
[White "Kopylov, Alexander A"]
[Black "Saibulatov, Daniyal"]
[Result "1-0"]
[WhiteElo "2438"]
[BlackElo "2400"]
[PlyCount "83"]
[EventDate "2010.09.21"]
[EventType "team"]
[EventRounds "11"]
[EventCountry "RUS"]
[Source "lmi"]
[SourceDate "2010.09.21"]
[WhiteTeam "RU5"]
[BlackTeam "Bélgica"]
[BlackTeamCountry "BEL"]

1. d4 d5 2. Nf3 c6 3. g3 Nf6 4. Bg2 Bg4 5. O-O Nbd7 6. b3 e6 7. c4 Be7 8. Nc3
O-O 9. Bb2 h6 10. Rc1 Rb8 11. Ne5 Bf5 12. h3 Bh7 13. f4 Bb4 14. Kh2 Rc8 15. Nd3
Ba5 16. Nf2 a6 17. a4 Qe7 18. Na2 b5 19. c5 Ne4 20. b4 Bc7 21. Nd3 f6 22. Nc3
g5 23. e3 Qg7 24. Bxe4 dxe4 25. Nf2 f5 26. axb5 axb5 27. d5 exd5 28. Nxd5 Qxb2
29. Ne7+ Kh8 30. Nxc8 Nf6 31. Rb1 Qa2 32. Nd6 Bg8 33. Ra1 Qb2 34. Rb1 Qa2 35.
Qd4 Qe6 36. Ra1 Bb8 37. Rfd1 Kh7 38. Ra6 Qd7 39. Rb6 Nd5 40. Rb7 Bc7 41. Ra7
Kg6 42. Rg1 1-0

[Event "Olimpiada de Khanty-Mansiysk 2010"]
[Site "Khanty-Mansiysk RUS"]
[Date "2010.09.25"]
[Round "5"]
[White "Polaczek, Richard"]
[Black "Yuffa, Daniil"]
[Result "0-1"]
[WhiteElo "2385"]
[BlackElo "2235"]
[PlyCount "80"]
[EventDate "2010.09.21"]
[EventType "team"]
[EventRounds "11"]
[EventCountry "RUS"]
[Source "lmi"]
[SourceDate "2010.09.21"]
[WhiteTeam "Bélgica"]
[BlackTeam "RU5"]
[WhiteTeamCountry "BEL"]

1. d4 e6 2. c4 Nf6 3. Nf3 b6 4. g3 Bb7 5. Bg2 Be7 6. Nc3 O-O 7. d5 Bb4 8. O-O
Bxc3 9. bxc3 d6 10. Ne1 Nbd7 11. dxe6 Bxg2 12. exf7+ Rxf7 13. Nxg2 Qe7 14. Bg5
Re8 15. Ne3 Qe6 16. Bxf6 Nxf6 17. Qa4 a5 18. Rad1 Ref8 19. Rd4 Ne4 20. Nd1 Re7
21. Qc6 Nc5 22. Ne3 Kh8 23. Qg2 Qd7 24. Rh4 h6 25. Nd5 Re5 26. e3 Rf7 27. f4
Re4 28. g4 c6 29. Nxb6 Qa7 30. Na4 Rxe3 31. Nxc5 Qxc5 32. Kh1 Kg8 33. Rh5 Qxc4
34. Rxa5 Rxf4 35. Rf5 Rxg4 36. Rf8+ Kh7 37. Qc2+ Rg6 38. Qf5 Re5 39. Qf3 Qxa2
40. Rc8 Rf5 0-1

[Event "Olimpiada de Khanty-Mansiysk 2010"]
[Site "Khanty-Mansiysk RUS"]
[Date "2010.09.25"]
[Round "5"]
[White "Prokopchuk, Evgeny"]
[Black "Vandenbussche, Thibaut"]
[Result "1/2-1/2"]
[WhiteElo "2522"]
[BlackElo "2333"]
[PlyCount "92"]
[EventDate "2010.09.21"]
[EventType "team"]
[EventRounds "11"]
[EventCountry "RUS"]
[Source "lmi"]
[SourceDate "2010.09.21"]
[WhiteTeam "RU5"]
[BlackTeam "Bélgica"]
[BlackTeamCountry "BEL"]

1. d4 d6 2. Nf3 g6 3. e4 Bg7 4. c3 Nf6 5. Bd3 O-O 6. O-O Nbd7 7. Re1 e5 8. Nbd2
b6 9. a4 a6 10. Nf1 Bb7 11. Ng3 Re8 12. d5 c6 13. c4 Nc5 14. Bf1 a5 15. Ra3 Qd7
16. h3 h6 17. Nd2 Nh7 18. Nb1 h5 19. Nc3 h4 20. Nh1 Rf8 21. Qg4 Qxg4 22. hxg4
Bf6 23. Be3 Bg5 24. Bxc5 bxc5 25. Rb3 Bd2 26. Rd1 Bxc3 27. bxc3 Ra7 28. Rb6 Rc8
29. f3 Kf8 30. Rdb1 Rc7 31. Nf2 Ke7 32. Nd1 Nf6 33. Ne3 Ba8 34. g5 Nd7 35. R6b2
Rab7 36. dxc6 Rxb2 37. Nd5+ Kd8 38. Rxb2 Rxc6 39. g3 hxg3 40. Bh3 Ra6 41. Bxd7
Kxd7 42. Nb6+ Kc7 43. Nxa8+ Rxa8 44. Kg2 Rb8 45. Rb5 Rxb5 46. cxb5 c4 1/2-1/2

[Event "Olimpiada de Khanty-Mansiysk 2010"]
[Site "Khanty-Mansiysk RUS"]
[Date "2010.09.25"]
[Round "5"]
[White "Pancevski, Filip"]
[Black "Ayyad, Husain"]
[Result "1-0"]
[WhiteElo "2410"]
[BlackElo "2165"]
[PlyCount "115"]
[EventDate "2010.09.21"]
[EventType "team"]
[EventRounds "11"]
[EventCountry "RUS"]
[Source "lmi"]
[SourceDate "2010.09.21"]
[WhiteTeam "MKD"]
[BlackTeam "BRN"]

1. e4 e5 2. Nf3 Nc6 3. Bc4 Nf6 4. d3 Be7 5. a4 O-O 6. O-O b6 7. Re1 d6 8. Nbd2
Na5 9. Ba2 c5 10. Nf1 Bd7 11. c3 Qe8 12. b4 Nc6 13. Bd2 h6 14. Ne3 Kh7 15. Bc4
g6 16. Qb1 Be6 17. Nd5 Qd7 18. Qc1 Ng8 19. a5 Bd8 20. Bb5 bxa5 21. bxc5 f6 22.
d4 f5 23. cxd6 Qxd6 24. Bxc6 Qxc6 25. Nxe5 Qa6 26. Nf4 g5 27. Nxe6 Qxe6 28.
exf5 Qxf5 29. Qb1 Bc7 30. Nc6 Kg7 31. Qxf5 Rxf5 32. f3 Bb6 33. Re5 Rxe5 34.
Nxe5 Ne7 35. Kf1 Rc8 36. Ke2 Nf5 37. Kd3 Bc7 38. Nc6 Nh4 39. Nxa7 Rf8 40. Ra2
Nxg2 41. Nb5 Bxh2 42. Bxg5 Ne1+ 43. Kc4 hxg5 44. Rxh2 Nxf3 45. Rg2 Kg6 46. d5
Kh5 47. d6 g4 48. Kd5 Rf5+ 49. Kc6 Kh4 50. Nd4 Nxd4+ 51. cxd4 Kh3 52. Ra2 Rf4
53. d5 g3 54. d7 Rf8 55. Rxa5 g2 56. Ra1 Rf1 57. d8=Q g1=Q 58. Qh8+ 1-0

[Event "Olimpiada de Khanty-Mansiysk 2010"]
[Site "Khanty-Mansiysk RUS"]
[Date "2010.09.25"]
[Round "5"]
[White "Papatryfonos, Constantino"]
[Black "Matamoros, Franco Carlos"]
[Result "0-1"]
[WhiteElo "2133"]
[BlackElo "2542"]
[PlyCount "56"]
[EventDate "2010.09.21"]
[EventType "team"]
[EventRounds "11"]
[EventCountry "RUS"]
[Source "lmi"]
[SourceDate "2010.09.21"]
[WhiteTeam "Chipre"]
[BlackTeam "Ecuador"]
[WhiteTeamCountry "CYP"]
[BlackTeamCountry "ECU"]

1. d4 Nf6 2. Nf3 g6 3. Nc3 d5 4. Bf4 Bg7 5. Qd2 O-O 6. Bh6 Nc6 7. Bxg7 Kxg7 8.
O-O-O a6 9. Ne5 Qd6 10. Nxc6 bxc6 11. f3 c5 12. dxc5 Qxc5 13. g4 e6 14. g5 Nh5
15. Bh3 f5 16. e3 Rb8 17. Qd4+ Qxd4 18. Rxd4 f4 19. Bg4 fxe3 20. b4 c6 21. Bxh5
e5 22. Rh4 gxh5 23. Rf1 Bf5 24. a3 Kg6 25. f4 d4 26. Na4 Bg4 27. h3 Be2 28. Re1
exf4 0-1

[Event "Olimpiada de Khanty-Mansiysk 2010"]
[Site "Khanty-Mansiysk RUS"]
[Date "2010.09.25"]
[Round "5"]
[White "Mieles Palau, Daniel"]
[Black "Kassinopoullos, Polydoros"]
[Result "1-0"]
[WhiteElo "2422"]
[BlackElo "2110"]
[PlyCount "71"]
[EventDate "2010.09.21"]
[EventType "team"]
[EventRounds "11"]
[EventCountry "RUS"]
[Source "lmi"]
[SourceDate "2010.09.21"]
[WhiteTeam "Ecuador"]
[BlackTeam "Chipre"]
[WhiteTeamCountry "ECU"]
[BlackTeamCountry "CYP"]

1. c4 Nf6 2. g3 e5 3. Bg2 Nc6 4. Nc3 g6 5. e3 Bg7 6. Nge2 d6 7. O-O h5 8. h3
Be6 9. Nd5 Qd7 10. Kh2 O-O-O 11. d4 Bxd5 12. cxd5 Ne7 13. e4 h4 14. g4 Ne8 15.
Be3 Kb8 16. a4 f5 17. f3 c6 18. dxc6 Nxc6 19. d5 Nd4 20. Nxd4 exd4 21. Bxd4
Bxd4 22. Qxd4 Nc7 23. exf5 gxf5 24. g5 f4 25. Qxf4 Nxd5 26. Qe4 Nc7 27. Qg4
Qxg4 28. fxg4 Rhg8 29. Rf7 Rxg5 30. Rc1 Rc5 31. Rxc5 dxc5 32. g5 Rg8 33. g6 Ne8
34. Rxb7+ Kc8 35. Be4 Nd6 36. Rxa7 1-0

[Event "Olimpiada de Khanty-Mansiysk 2010"]
[Site "Khanty-Mansiysk RUS"]
[Date "2010.09.25"]
[Round "5"]
[White "Klerides, Paris"]
[Black "Santos Flores, Alberto"]
[Result "1/2-1/2"]
[WhiteElo "2194"]
[BlackElo "2356"]
[PlyCount "41"]
[EventDate "2010.09.21"]
[EventType "team"]
[EventRounds "11"]
[EventCountry "RUS"]
[Source "lmi"]
[SourceDate "2010.09.21"]
[WhiteTeam "Chipre"]
[BlackTeam "Ecuador"]
[WhiteTeamCountry "CYP"]
[BlackTeamCountry "ECU"]

1. e4 e6 2. d4 d5 3. Nc3 Nf6 4. e5 Nfd7 5. f4 c5 6. Nf3 Nc6 7. Be3 a6 8. Qd2 b5
9. a3 Be7 10. dxc5 Nxc5 11. Nd4 Bb7 12. Qf2 Nxd4 13. Bxd4 Ne4 14. Nxe4 dxe4 15.
Qe3 Rc8 16. c3 O-O 17. Be2 f5 18. exf6 Bxf6 19. Rd1 Bxd4 20. Rxd4 Qh4+ 21. g3
1/2-1/2

[Event "Olimpiada de Khanty-Mansiysk 2010"]
[Site "Khanty-Mansiysk RUS"]
[Date "2010.09.25"]
[Round "5"]
[White "Khader, Sami"]
[Black "Juarez, Flores Carlos A"]
[Result "1-0"]
[WhiteElo "2449"]
[BlackElo "2366"]
[PlyCount "87"]
[EventDate "2010.09.21"]
[EventType "team"]
[EventRounds "11"]
[EventCountry "RUS"]
[Source "lmi"]
[SourceDate "2010.09.21"]
[WhiteTeam "Jordania"]
[BlackTeam "Guatemala"]
[WhiteTeamCountry "JOR"]
[BlackTeamCountry "GUA"]

1. d4 d5 2. c4 e6 3. Nf3 c5 4. cxd5 exd5 5. g3 Nc6 6. Bg2 Nf6 7. O-O Be7 8. Nc3
O-O 9. Bg5 cxd4 10. Nxd4 h6 11. Bf4 Bg4 12. h3 Be6 13. Nxe6 fxe6 14. Qb3 Na5
15. Qc2 Rc8 16. Rad1 Qb6 17. e3 Nc4 18. b3 Nd6 19. Qd3 Nf7 20. e4 e5 21. Bd2 d4
22. Na4 Qc6 23. Rc1 Qd7 24. Nb2 b5 25. b4 Qe6 26. Qb3 Qxb3 27. axb3 Nd6 28. f3
Nd7 29. h4 Nb6 30. Nd3 Bf6 31. f4 Nf7 32. Bh3 Rce8 33. Nc5 Nd6 34. Be6+ Kh7 35.
f5 Re7 36. Ra1 Rd8 37. Ra6 g6 38. fxg6+ Kxg6 39. Bh3 Bg7 40. Rfa1 Kh7 41. Rxa7
Rxa7 42. Rxa7 Ra8 43. Ra5 Bf6 44. Nd7 1-0

[Event "Olimpiada de Khanty-Mansiysk 2010"]
[Site "Khanty-Mansiysk RUS"]
[Date "2010.09.25"]
[Round "5"]
[White "Lorenzana, Wilson Estuard"]
[Black "Samhouri, Ahmad Fawzi"]
[Result "0-1"]
[WhiteElo "2206"]
[BlackElo "2372"]
[PlyCount "78"]
[EventDate "2010.09.21"]
[EventType "team"]
[EventRounds "11"]
[EventCountry "RUS"]
[Source "lmi"]
[SourceDate "2010.09.21"]
[WhiteTeam "Guatemala"]
[BlackTeam "Jordania"]
[WhiteTeamCountry "GUA"]
[BlackTeamCountry "JOR"]

1. e4 c5 2. Nf3 d6 3. d4 cxd4 4. Nxd4 Nf6 5. Nc3 a6 6. f4 e6 7. Qf3 Qc7 8. Be3
Nbd7 9. g4 h6 10. O-O-O b5 11. a3 Bb7 12. Bd3 Nc5 13. Rhe1 O-O-O 14. Kb1 Kb8
15. h4 d5 16. e5 Nfe4 17. Bxe4 Nxe4 18. Nxe4 dxe4 19. Qf2 Be7 20. h5 Bd5 21.
Nb3 Rc8 22. Bb6 Qc4 23. Re3 Qa4 24. Rd4 Rc4 25. Rc3 Rhc8 26. Rdxc4 bxc4 27. Nd2
Rc6 28. Bd4 Rc7 29. Kc1 Qb5 30. Qe2 Bc5 31. Qe3 Bxd4 32. Qxd4 Rd7 33. Nxc4 Bxc4
34. Qxc4 Qxc4 35. Rxc4 e3 36. Re4 Rd2 37. f5 Rg2 38. b4 Rg1+ 39. Kb2 Kc7 0-1

[Event "Olimpiada de Khanty-Mansiysk 2010"]
[Site "Khanty-Mansiysk RUS"]
[Date "2010.09.25"]
[Round "5"]
[White "Mansour, Sameer"]
[Black "Cu, Hor Winston"]
[Result "1/2-1/2"]
[WhiteElo "2283"]
[BlackElo "2106"]
[PlyCount "89"]
[EventDate "2010.09.21"]
[EventType "team"]
[EventRounds "11"]
[EventCountry "RUS"]
[Source "lmi"]
[SourceDate "2010.09.21"]
[WhiteTeam "Jordania"]
[BlackTeam "Guatemala"]
[WhiteTeamCountry "JOR"]
[BlackTeamCountry "GUA"]

1. d4 Nf6 2. Nf3 g6 3. c4 Bg7 4. Nc3 d5 5. cxd5 Nxd5 6. e4 Nxc3 7. bxc3 O-O 8.
Be2 c5 9. Rb1 b6 10. Be3 Bb7 11. Qc2 cxd4 12. cxd4 Nd7 13. e5 Rc8 14. Qb3 Nb8
15. O-O Nc6 16. Rbc1 Na5 17. Qa3 Qd7 18. Bg5 f6 19. exf6 exf6 20. Bd2 Rxc1 21.
Rxc1 Re8 22. Bd1 Bf8 23. Qb2 Qd5 24. Ba4 Rc8 25. Rxc8 Bxc8 26. Bxa5 Qxa5 27.
Bb3+ Kg7 28. Qc2 Qf5 29. Qc7+ Qd7 30. Qc4 Bd6 31. Qg8+ Kh6 32. Bd5 Qc7 33. Qe8
Qc1+ 34. Qe1 Qxe1+ 35. Nxe1 Bb4 36. Nc2 Bc3 37. Bb3 Bf5 38. d5 Bxc2 39. Bxc2
Bb4 40. Kf1 Kg5 41. Ke2 Kf4 42. Ba4 Ke5 43. Bc6 Kd4 44. h4 Bd6 45. g3 1/2-1/2

[Event "Olimpiada de Khanty-Mansiysk 2010"]
[Site "Khanty-Mansiysk RUS"]
[Date "2010.09.25"]
[Round "5"]
[White "Ortiz, Q Johnny Alexander"]
[Black "Samhouri, Bilal"]
[Result "1-0"]
[WhiteElo "2179"]
[BlackElo "2269"]
[PlyCount "63"]
[EventDate "2010.09.21"]
[EventType "team"]
[EventRounds "11"]
[EventCountry "RUS"]
[Source "lmi"]
[SourceDate "2010.09.21"]
[WhiteTeam "Guatemala"]
[BlackTeam "Jordania"]
[WhiteTeamCountry "GUA"]
[BlackTeamCountry "JOR"]

1. e4 c5 2. Nf3 e6 3. d4 cxd4 4. Nxd4 Nf6 5. Nc3 Nc6 6. Ndb5 Bb4 7. a3 Bxc3+ 8.
Nxc3 d5 9. exd5 exd5 10. Bd3 O-O 11. O-O d4 12. Ne2 Re8 13. Re1 h6 14. Bf4 Be6
15. Qd2 Qd7 16. Ng3 Ne7 17. Be5 Ng4 18. Bxd4 Red8 19. Bc3 Nd5 20. h3 Nxc3 21.
Qxc3 Rac8 22. Qb4 Nf6 23. Qf4 Nd5 24. Qe4 Nf6 25. Qf3 Bd5 26. Qf4 Qc7 27. Qh4
Be6 28. Nf5 Bxf5 29. Bxf5 Rb8 30. Re2 Rd5 31. Bd3 Rbd8 32. Rae1 1-0

[Event "Olimpiada de Khanty-Mansiysk 2010"]
[Site "Khanty-Mansiysk RUS"]
[Date "2010.09.25"]
[Round "5"]
[White "Jones, Richard S"]
[Black "Iturrizaga, Eduardo"]
[Result "1/2-1/2"]
[WhiteElo "2373"]
[BlackElo "2609"]
[PlyCount "110"]
[EventDate "2010.09.21"]
[EventType "team"]
[EventRounds "11"]
[EventCountry "RUS"]
[Source "lmi"]
[SourceDate "2010.09.21"]
[WhiteTeam "Gales"]
[BlackTeam "Venezuela"]
[WhiteTeamCountry "WLS"]
[BlackTeamCountry "VEN"]

1. e4 c5 2. Nf3 g6 3. d4 cxd4 4. Nxd4 Nc6 5. c4 Nf6 6. Nc3 Nxd4 7. Qxd4 d6 8.
Be2 Bg7 9. Be3 O-O 10. Qd2 a5 11. c5 a4 12. a3 Be6 13. cxd6 exd6 14. O-O d5 15.
e5 Ne4 16. Qd4 Nd6 17. Bd3 Nc4 18. Bxc4 dxc4 19. Ne4 Qxd4 20. Bxd4 Rfd8 21. Bc3
Rd5 22. Nf6+ Bxf6 23. exf6 Rad8 24. Rfe1 g5 25. Re3 h6 26. Rae1 Kh7 27. Re5 Kg6
28. Rxd5 Rxd5 29. h3 h5 30. Re5 Rxe5 31. Bxe5 Kf5 32. Bc3 Ke4 33. Kf1 Kd3 34.
Ke1 Kc2 35. Ke2 b5 36. Be5 Kb3 37. g4 hxg4 38. hxg4 Bxg4+ 39. Kd2 b4 40. axb4
Kxb4 41. Bd4 Kb3 42. Be5 Bf5 43. Bd4 Bd3 44. Be5 g4 45. Bd4 a3 46. bxa3 Kxa3
47. Kc3 Ka4 48. Be3 Kb5 49. Bd4 Kc6 50. Be3 Kd5 51. Bd4 Ke4 52. Bb6 Ke5 53.
Bd4+ Kf5 54. Kd2 Bf1 55. Kc3 Ke4 1/2-1/2

[Event "Olimpiada de Khanty-Mansiysk 2010"]
[Site "Khanty-Mansiysk RUS"]
[Date "2010.09.25"]
[Round "5"]
[White "Alvarez, Marquez Johann"]
[Black "Kett, Tim"]
[Result "1-0"]
[WhiteElo "2414"]
[BlackElo "2219"]
[PlyCount "82"]
[EventDate "2010.09.21"]
[EventType "team"]
[EventRounds "11"]
[EventCountry "RUS"]
[Source "lmi"]
[SourceDate "2010.09.21"]
[WhiteTeam "Venezuela"]
[BlackTeam "Gales"]
[WhiteTeamCountry "VEN"]
[BlackTeamCountry "WLS"]

1. d4 Nf6 2. c4 e6 3. Nc3 Bb4 4. f3 d5 5. a3 Bxc3+ 6. bxc3 c5 7. cxd5 Nxd5 8.
dxc5 f5 9. Nh3 Qa5 10. Nf4 Nxf4 11. Bxf4 O-O 12. Qd4 Nc6 13. Qc4 b5 14. Qb3 Kh8
15. Bd6 Re8 16. e3 e5 17. Be2 Be6 18. Qb2 Bc4 19. Bxc4 bxc4 20. O-O Rac8 21.
Qc2 g6 22. e4 f4 23. a4 Qd8 24. Rfd1 Qf6 25. Rab1 Qf7 26. Rd5 g5 27. Qe2 h5 28.
h3 Re6 29. Qxc4 Qg6 30. Qa6 Ne7 31. Rxe5 g4 32. hxg4 hxg4 33. Rxe6 Qxe6 34. Qd3
gxf3 35. Qxf3 Ng6 36. Qh5+ Kg7 37. Rb7+ Kf6 38. e5+ Nxe5 39. Bxe5+ Qxe5 40.
Rf7+ Ke6 41. Re7+ Kd5 1-0

[Event "Olimpiada de Khanty-Mansiysk 2010"]
[Site "Khanty-Mansiysk RUS"]
[Date "2010.09.25"]
[Round "5"]
[White "Bennett, Alan"]
[Black "Semerene, Dumit"]
[Result "1/2-1/2"]
[WhiteElo "2154"]
[BlackElo "2318"]
[PlyCount "42"]
[EventDate "2010.09.21"]
[EventType "team"]
[EventRounds "11"]
[EventCountry "RUS"]
[Source "lmi"]
[SourceDate "2010.09.21"]
[WhiteTeam "Gales"]
[BlackTeam "Venezuela"]
[WhiteTeamCountry "WLS"]
[BlackTeamCountry "VEN"]

1. e4 c6 2. d4 d5 3. exd5 cxd5 4. Bd3 Nc6 5. c3 Nf6 6. Bf4 g6 7. h3 Bg7 8. Nf3
O-O 9. O-O Nd7 10. Nbd2 e5 11. dxe5 Ndxe5 12. Nxe5 Nxe5 13. Nf3 Nxd3 14. Qxd3
Qb6 15. Qd2 Re8 16. Rfe1 Be6 17. Be5 Rad8 18. Bxg7 Kxg7 19. Qd4+ Qxd4 20. Nxd4
Kf6 21. Re3 Bd7 1/2-1/2

[Event "Olimpiada de Khanty-Mansiysk 2010"]
[Site "Khanty-Mansiysk RUS"]
[Date "2010.09.25"]
[Round "5"]
[White "Boada, Wiston"]
[Black "Jones, Iolo C"]
[Result "1/2-1/2"]
[WhiteElo "2270"]
[BlackElo "2294"]
[PlyCount "130"]
[EventDate "2010.09.21"]
[EventType "team"]
[EventRounds "11"]
[EventCountry "RUS"]
[Source "lmi"]
[SourceDate "2010.09.21"]
[WhiteTeam "Venezuela"]
[BlackTeam "Gales"]
[WhiteTeamCountry "VEN"]
[BlackTeamCountry "WLS"]

1. d4 Nf6 2. c4 d6 3. Nc3 e5 4. d5 Be7 5. e4 O-O 6. Be2 c6 7. Nf3 Nbd7 8. O-O
a6 9. Rb1 cxd5 10. cxd5 b5 11. b4 Nb6 12. Bd3 Bg4 13. h3 Bd7 14. Nd2 Qc7 15.
Bb2 Rfc8 16. Qe2 Qa7 17. Kh1 g6 18. g4 Be8 19. Rg1 Nfd7 20. Nf1 Nc4 21. Ba1 Bg5
22. Rg2 Ndb6 23. Nh2 Qe7 24. Nf3 Bf4 25. Rbg1 g5 26. Qd1 Qf6 27. Ne2 Na4 28.
Bb1 Na3 29. Bd3 Nc4 30. h4 Nab2 31. Qb3 Nxd3 32. Qxd3 h6 33. Ng3 Bxg3 34. Rxg3
a5 35. a3 axb4 36. axb4 Ra3 37. Bc3 Nb2 38. Bxe5 Nxd3 39. Bxf6 Nxf2+ 40. Kg2
Nxe4 41. hxg5 Rc2+ 42. Kh3 Nxg3 43. Kxg3 Re2 44. gxh6 Ree3 45. Rf1 Bd7 46. Kf4
Reb3 47. Bd4 f6 48. g5 Rxf3+ 49. Rxf3 fxg5+ 50. Kg3 Rxf3+ 51. Kxf3 Kh7 52. Bg7
Kg6 53. Bf8 Be8 54. Ke4 g4 55. Bxd6 Kxh6 56. Ke5 Kg6 57. Be7 Kf7 58. Kd6 g3 59.
Bh4 g2 60. Bf2 Kf6 61. Bc5 Kf5 62. Ke7 Ke5 63. d6 Bc6 64. d7 Bxd7 65. Kxd7 Ke4
1/2-1/2

[Event "Olimpiada de Khanty-Mansiysk 2010"]
[Site "Khanty-Mansiysk RUS"]
[Date "2010.09.25"]
[Round "5"]
[White "Gator, Mosab"]
[Black "Markov, Mikhail"]
[Result "0-1"]
[WhiteElo "2107"]
[BlackElo "2261"]
[PlyCount "52"]
[EventDate "2010.09.21"]
[EventType "team"]
[EventRounds "11"]
[EventCountry "RUS"]
[Source "lmi"]
[SourceDate "2010.09.21"]
[WhiteTeam "Libia"]
[BlackTeam "Kyrgyzstan"]
[WhiteTeamCountry "LBY"]
[BlackTeamCountry "KGZ"]

1. e4 c5 2. Nc3 e6 3. Nf3 a6 4. d4 cxd4 5. Nxd4 Qc7 6. a3 Nf6 7. Be3 b5 8. Bd3
Bb7 9. O-O Be7 10. Kh1 h5 11. f3 d5 12. Qe1 e5 13. Ndxb5 axb5 14. Bxb5+ Kf8 15.
exd5 Nxd5 16. Nxd5 Bxd5 17. b4 Nd7 18. Rd1 Nf6 19. c4 Be6 20. a4 h4 21. a5 h3
22. g3 e4 23. Bb6 Qb7 24. c5 Bd5 25. a6 Rxa6 26. Rxd5 Rxb6 0-1

[Event "Olimpiada de Khanty-Mansiysk 2010"]
[Site "Khanty-Mansiysk RUS"]
[Date "2010.09.25"]
[Round "5"]
[White "Tologontegin, Semetey"]
[Black "Elbaruni, Mohamed"]
[Result "1-0"]
[WhiteElo "2320"]
[BlackElo "2053"]
[PlyCount "72"]
[EventDate "2010.09.21"]
[EventType "team"]
[EventRounds "11"]
[EventCountry "RUS"]
[Source "lmi"]
[SourceDate "2010.09.21"]
[WhiteTeam "Kyrgyzstan"]
[BlackTeam "Libia"]
[WhiteTeamCountry "KGZ"]
[BlackTeamCountry "LBY"]

1. d4 d5 2. c4 c6 3. Nf3 Nf6 4. Qc2 a6 5. Bf4 e6 6. Nbd2 Bd6 7. Bg5 Nbd7 8. e3
h6 9. Bh4 O-O 10. Bd3 Re8 11. O-O e5 12. cxd5 cxd5 13. dxe5 Nxe5 14. Nxe5 Bxe5
15. Nf3 Bg4 16. Nxe5 Rxe5 17. h3 Bd7 18. Qb3 Bc6 19. Rfd1 Re8 20. Qc3 Qd6 21.
Bxf6 gxf6 22. Be2 Qe5 23. Rd4 Kh8 24. Rad1 Rg8 25. Bf3 Rg5 26. Qd2 Rag8 27. Kh1
Qe6 28. b3 Qf5 29. Qd3 Qe6 30. Bg4 f5 31. Bf3 Qg6 32. Rg1 Qg7 33. Rf4 Qg6 34.
h4 Rg7 35. Qd4 Qh7 36. Qd3 Rg8 1-0

[Event "Olimpiada de Khanty-Mansiysk 2010"]
[Site "Khanty-Mansiysk RUS"]
[Date "2010.09.25"]
[Round "5"]
[White "Fernandez, Francis"]
[Black "Krylov, Sergey"]
[Result "0-1"]
[WhiteElo "2313"]
[BlackElo "2359"]
[PlyCount "96"]
[EventDate "2010.09.21"]
[EventType "team"]
[EventRounds "11"]
[EventCountry "RUS"]
[Source "lmi"]
[SourceDate "2010.09.21"]
[WhiteTeam "República Dominicana"]
[BlackTeam "IBC"]
[WhiteTeamCountry "DOM"]

1. d4 Nf6 2. c4 e6 3. Nc3 Bb4 4. e3 O-O 5. Bd3 c5 6. Nf3 d5 7. O-O Nc6 8. a3
Bxc3 9. bxc3 Qc7 10. Qe2 dxc4 11. Bxc4 e5 12. h3 Bf5 13. Bb2 a6 14. Rad1 b5 15.
Nh4 Bxh3 16. gxh3 bxc4 17. d5 Na5 18. e4 Rab8 19. Bc1 Rb6 20. Kh2 g6 21. Rg1
Kh8 22. Nf3 Nh5 23. Ng5 Nb7 24. Be3 Nd6 25. Qf3 Re8 26. Kh1 Rb3 27. Rg4 Rxc3
28. Rh4 f6 29. Ne6 Qf7 30. Nxc5 Rxa3 31. Rb1 c3 32. Rc1 Rc8 33. Ne6 c2 34. Qe2
Ra2 35. Bc5 Nb7 36. Be3 Ng7 37. Qg4 Re8 38. Nc7 Rg8 39. Ne6 Nxe6 40. dxe6 Qe7
41. f4 exf4 42. Bd4 Ra4 43. Bb2 Nc5 44. Qxf4 Nxe4 45. Rxc2 Rf8 46. Rg2 g5 47.
Rxg5 Nxg5 48. Qxa4 Qb7+ 0-1

[Event "Olimpiada de Khanty-Mansiysk 2010"]
[Site "Khanty-Mansiysk RUS"]
[Date "2010.09.25"]
[Round "5"]
[White "Mueller, Oliver"]
[Black "Flaquer, Luis"]
[Result "1-0"]
[WhiteElo "2311"]
[BlackElo "2274"]
[PlyCount "75"]
[EventDate "2010.09.21"]
[EventType "team"]
[EventRounds "11"]
[EventCountry "RUS"]
[Source "lmi"]
[SourceDate "2010.09.21"]
[WhiteTeam "IBC"]
[BlackTeam "República Dominicana"]
[BlackTeamCountry "DOM"]

1. d4 Nf6 2. c4 g6 3. Nc3 Bg7 4. e4 d6 5. Nf3 O-O 6. Be2 Nc6 7. d5 Nb8 8. O-O
e6 9. h3 Na6 10. Bg5 h6 11. Be3 exd5 12. exd5 Nc5 13. Nd4 Re8 14. Rc1 a5 15. b3
Rxe3 16. fxe3 h5 17. Bf3 Nfd7 18. Qe2 Ne5 19. Rcd1 Bd7 20. Ne4 b6 21. a3 Qh4
22. Nc3 Qg3 23. b4 axb4 24. axb4 Bxh3 25. bxc5 Ng4 26. Bxg4 Be5 27. Nf3 Bxg4
28. Ne4 Bxf3 29. Nxg3 Bxe2 30. Nxe2 bxc5 31. Rb1 Kg7 32. Rb7 f5 33. Rxc7+ Kh6
34. Re7 Ra2 35. Nc1 Rc2 36. Rxe5 dxe5 37. Rd1 Kg7 38. d6 1-0